Normal view
MARC view
- Aggarwala, A C .
Entry Personal Name
001 - CONTROL NUMBER
- control field: 1620
003 - CONTROL NUMBER IDENTIFIER
- control field: OSt
005 - DATE AND TIME OF LATEST TRANSACTION
- control field: 20161001151342.0
008 - FIXED-LENGTH DATA ELEMENTS
- fixed length control field: 161001|| aca||aabn | a|a d
040 ## - CATALOGING SOURCE
- Original cataloging agency: OSt
- Transcribing agency: OSt
100 ## - HEADING--PERSONAL NAME
- Personal name: Aggarwala, A C .
670 ## - SOURCE DATA FOUND
- Source citation: Work cat.: (OSt)6754: Aggarwala, A C ., Laboratory Manual of Milk Inspection / , 1961.
